000 004970000a22001810004500
020 _a0-8042-3450-7
041 0 _aENG
082 0 4 _aG 253.5 T728r
100 1 _aTournier, Paul (1898-)
245 1 0 _aThe resist or to surrender? / Paul Tournier ; John S. Gilmour, Traductor
260 _aRichmond, Virginia, USA : John Knox
300 _a63 Pag
001 6485
942 _cBK
999 _c36755
_d36755
336 _atexto
_btxt
_2rdacontent
337 _2rdamedia
_asin mediación
_bn
338 _2rdacarrier
_avolumen
_bnc